000 00451nam a2200157Ia 4500
008 240729s9999 xx 000 0 und d
022 _a2220-9964
245 0 _aISPRS International Journal of Geo-Information
260 _aSwitzerland
260 _bMDPI AG
650 _a Geography (General)
650 _aGeography. Anthropology. Recreation
856 _uhttps://doaj.org/toc/6b8e10ce82164eb89180b9e95bde0360
942 _2ddc
942 _cDOAJEJ
999 _c74362
_d74362
945 _a1
_bMadushi Gamage
_c1
_dMadushi Gamage